00513cam a22001577a 4500008004000000020001500040082001600055245007000071260002400141300001000165650002800175650002500203700002100228999001900249952008700268180718b1995 xxu||||| |||| 00| 0 eng d a8122003982 aT19x54 P218 aMid-Year review of the economy 1994-95cedited by Kirit S. Parikh aDelhibKonarkc1995 a247p. aIndia - Economic policy aEconomic development aParikh, Kirit S. c377477d377477 00104070aIIPAbIIPAd1995-05-19oT19x54 P218p69365r2018-07-21w2018-07-21yBK